书目信息 |
| 题名: |
击剑竞赛规则
|
|
| 作者: | ;国家体育运动委员会 审定 | |
| 分册: | ||
| 出版信息: | 北京 人民体育出版社 1983 |
|
| 页数: | 68页 | |
| 开本: | 19cm | |
| 丛书名: | ||
| 单 册: | ||
| 中图分类: | G885.4 | |
| 科图分类: | ||
| 主题词: | 竞赛规则-击剑--1982 , 体育 , 击剑-竞赛规则--1982 | |
| 电子资源: | ||
| ISBN: | ||
| 000 | 00722nam0 2200253 45 | |
| 001 | 0183010897 | |
| 005 | 20060815172405.03 | |
| 010 | @dCNY0.20 | |
| 091 | @a7015.2089 | |
| 100 | @a19950619d1983 em y0chiy0121 ea | |
| 101 | 0 | @achi |
| 102 | @aCN@b110000 | |
| 105 | @ay z 000yy | |
| 200 | 10 | @a击剑竞赛规则@Aji jian jing sai gui ze@e1982@f国家体育运动委员会审定 |
| 210 | @a北京@c人民体育出版社@d1983 | |
| 215 | @a68页@d19cm | |
| 606 | @a竞赛规则-击剑@z1982 | |
| 606 | 0 | @a体育 |
| 606 | @a击剑-竞赛规则@z1982 | |
| 690 | @aG885.4 | |
| 711 | 02 | @a国家体育运动委员会@Aguo jia ti yu yun dong wei yuan hui@4审定 |
| 801 | 2 | @aCN@bNLC@c20060815 |
| 801 | 0 | @aCN@b上海图书馆@c20040507 |
| 905 | @f2@b87146-147@dG885.4@e2 | |
| 击剑竞赛规则:1982/国家体育运动委员会审定.-北京:人民体育出版社,1983 |
| 68页;19cm |
| ISBN :CNY0.20 |
| ● |
| 相关链接 |
|
|
|
|
正题名:击剑竞赛规则
索取号:G885.4/2
 
预约/预借
| 序号 | 登录号 | 条形码 | 馆藏地/架位号 | 状态 | 备注 |
| 1 | 0087146 | 000990958 | 密集书库/ [索取号:G885.4/2] | 在馆 | |
| 2 | 0087147 | 000990967 | 密集书库/ [索取号:G885.4/2] | 在馆 | |
| 3 | 0087148 | 000990896 | 第一样本阅览室/ [索取号:G885.4/2] | 在馆 | |
| 4 | 0460486 | 204604865 | 密集书库/ [索取号:G885.4/2] | 在馆 |